| 000 | 00740nam a22002415i 4500 | ||
|---|---|---|---|
| 001 | 173610 | ||
| 003 | ES-MaACL | ||
| 005 | 20240229183439.0 | ||
| 008 | 091214s2009 sp |||| | spa d | ||
| 020 | _a978-84-92409-10-5 | ||
| 080 | _a72 Almela, Antonio | ||
| 080 | _a72 | ||
| 100 | 1 |
_aLamela, Antonio. _969836 |
|
| 245 | 1 | 0 |
_aTres sesiones sobre arquitectura / _cAntonio Lamela. |
| 260 |
_aPamplona : _bT6 ediciones, _c[2009] |
||
| 300 |
_a63 p. : _bil. ; _c24 cm. |
||
| 490 | 1 |
_aLecciones/documentos de arquitectura ; _v15 |
|
| 600 | 1 | 4 |
_aLamela, Antonio. _969836 |
| 650 | 1 | 4 |
_aArquitectura _99986 |
| 830 | 0 |
_aLecciones/documentos de arquitectura ; _v15 _9223574 |
|
| 852 |
_aES-MaACL _jC-44476 |
||
| 999 |
_c173610 _d173610 |
||